Lovci monster. Z archivu /
Povídková sbírka "případů z archivu" Lovců monster doplňuje sérii fantasy románů, v nichž se drsná akce spojuje s humorným nadhledem.
Uloženo v:
| Série: | Lovci monster,
část 7 |
|---|---|
| Hlavní autor: | |
| Další autoři: | , |
| Médium: | E-kniha |
| Jazyk: | Czech |
| Vydáno: |
Ostrava :
Fantom Print,
2020
|
| Vydání: | 1. vydání |
| Témata: | |
| Příbuzné jednotky: | Z cyklu::
Lovci monster |
| Tagy: |
Žádné tagy |
| LEADER | 02482nam a2200469 i 4500 | ||
|---|---|---|---|
| 001 | 311177 | ||
| 003 | CZ PrSKC | ||
| 005 | 20260601215701.0 | ||
| 007 | ta | ||
| 008 | 200511s2020 xr g 000 j cze | ||
| 015 | |a cnb003215813 | ||
| 020 | |a 9788075940605 |q (brožováno) | ||
| 035 | |a (OCoLC)1200248961 | ||
| 040 | |a ABG001 |b cze |d ABA001 |e rda | ||
| 041 | 1 | |a cze |h eng | |
| 072 | 7 | |a 821.111(73)-3 |x Americká próza |2 Konspekt | |
| 080 | |a 821.111(73)-32 |2 MRF | ||
| 080 | |a (0:82-322.9) |2 MRF | ||
| 100 | 1 | |a Correia, Larry, |d 1977- |7 xx0153739 |4 aut | |
| 240 | 1 | 0 | |a Monster hunter files. |l Česky |
| 245 | 1 | 0 | |a Lovci monster. |p Z archivu / |c Larry Correia & Bryan Thomas Schmidt ; překlad Jakub Mařík |
| 246 | 3 | 0 | |a Z archivu |
| 250 | |a 1. vydání | ||
| 264 | 1 | |a Ostrava : |b Fantom Print, |c 2020 | |
| 300 | |a 342 stran ; |c 21 cm | ||
| 336 | |a text |b txt |2 rdacontent | ||
| 337 | |a bez média |b n |2 rdamedia | ||
| 338 | |a svazek |b nc |2 rdacarrier | ||
| 500 | |a Přeloženo z angličtiny | ||
| 520 | 2 | |a Povídková sbírka "případů z archivu" Lovců monster doplňuje sérii fantasy románů, v nichž se drsná akce spojuje s humorným nadhledem. |b Již je tomu více jak sto let, co Lovci monster s.r.o. chrání náš svět před nadpřirozenými hrozbami, ať už jsou malé, nebo velké - a v některých případech jsou hodně velké. Dnes Lovci monster poprvé otevřou svůj archiv. V něm naleznete tajnou historii nejlepších bojovníků proti monstrům na světě, ať už jde o hlášení zkušených Lovců z jejich nejtěžších případů, nebo o příběhy nováčků, kteří se s nadpřirozenem setkali úplně poprvé. Nakladatelská anotace. Kráceno. | |
| 655 | 7 | |a americké povídky |7 fd131793 |2 czenas | |
| 655 | 7 | |a fantasy povídky |7 fd132238 |2 czenas | |
| 655 | 9 | |a American short stories |2 eczenas | |
| 655 | 9 | |a fantasy short stories |2 eczenas | |
| 700 | 1 | |a Schmidt, Bryan Thomas, |d 1969- |7 xx0247781 |4 aut | |
| 700 | 1 | |a Mařík, Jakub, |d 1981- |7 xx0073715 |4 trl | |
| 787 | 0 | 8 | |i Z cyklu: |t Lovci monster |g 7 |
| 900 | |a ABA001 |b 21 | ||
| 044 | |a xr | ||
| 910 | |a RBIT002 | ||
| 998 | |d 206075 |a https://core.palmknihy.cz/api/books/206075/cover?q8vwc1 |b https://core.palmknihy.cz/api/books/206075/cover/400?q8vwc1 |c https://core.palmknihy.cz/api/books/206075/cover/50?q8vwc1 |e 2028-04-19 |g 352 |i 9788075940605 |j https://core.palmknihy.cz/api/books/206075/preview.epub |l |q 49 |r 1 |s https://www.palmknihy.cz/kniha/206075 |t ebook |y 2020 |z 0 |v Lovci monster |w 0 | ||
| 999 | |d 311175 | ||